Normal view
MARC view
- Ayesha Mehboob
Entry Personal Name
001 - CONTROL NUMBER
- control field: 70389
003 - CONTROL NUMBER IDENTIFIER
- control field: NUST
005 - DATE AND TIME OF LATEST TRANSACTION
- control field: 20210628204440.0
008 - FIXED-LENGTH DATA ELEMENTS
- fixed length control field: 210628|| aca||aabn | a|a d
040 ## - CATALOGING SOURCE
- Original cataloging agency: NUST
- Transcribing agency: NUST
100 ## - HEADING--PERSONAL NAME
- Personal name: Ayesha Mehboob
670 ## - SOURCE DATA FOUND
- Source citation: Work cat.: (NUST): Ayesha Mehboob, TH-SOF-1680-A Deep Learning based Approach for Grading of Diabetic Retinopathy using Large Fundus image Dataset, 2019
